Pur̲anān̲ūr̲r̲up pūvaiyar. (Record no. 81350)

MARC details
000 -LEADER
fixed length control field 00602cam a22002411 4500
001 - CONTROL NUMBER
control field sa 68006513
003 - CONTROL NUMBER IDENTIFIER
control field DLC
005 - DATE AND TIME OF LATEST TRANSACTION
control field 20260227112516.0
008 - FIXED-LENGTH DATA ELEMENTS--GENERAL INFORMATION
fixed length control field 950202s1967 ii 000 0 tamo
010 ## - LIBRARY OF CONGRESS CONTROL NUMBER
LC control number sa 68006513
025 ## - OVERSEAS ACQUISITION NUMBER
Overseas acquisition number PL480:I-T-2018
035 ## - SYSTEM CONTROL NUMBER
System control number (OCoLC)31923537
040 ## - CATALOGING SOURCE
Original cataloging agency DLC
Transcribing agency CU
Modifying agency CU
-- DLC
042 ## - AUTHENTICATION CODE
Authentication code premarc
050 00 - LIBRARY OF CONGRESS CALL NUMBER
Classification number PL4758.9.P853
Item number M8
100 1# - MAIN ENTRY--PERSONAL NAME
Personal name Iḷantiraiyan̲, Vē.,
Dates associated with a name 1941-
245 10 - TITLE STATEMENT
Title Pur̲anān̲ūr̲r̲up pūvaiyar.
260 ## - PUBLICATION, DISTRIBUTION, ETC.
Date of publication, distribution, etc. [1967]
300 ## - PHYSICAL DESCRIPTION
Extent 81 p.
Dimensions 18 cm.
500 ## - GENERAL NOTE
General note In Tamil.
630 00 - SUBJECT ADDED ENTRY--UNIFORM TITLE
Uniform title Pur̲anān̲ūr̲u.
650 #0 - SUBJECT ADDED ENTRY--TOPICAL TERM
Topical term or geographic name entry element Women poets.

No items available.

Powered by Koha